| 000 | 00816nam a2200217Ia 4500 | ||
|---|---|---|---|
| 999 |
_c36983 _d36983 |
||
| 001 | 2935 | ||
| 003 | GE_BSU | ||
| 005 | 20230324123119.0 | ||
| 008 | 181216s1988||||ge |||||||||||||| ||geo|| | ||
| 020 | _a500500220X | ||
| 040 | _cGE_BSU | ||
| 041 | _ageo | ||
| 080 | _a61(479.22)(09) შ–48 | ||
| 100 |
_aშენგელია, მიხეილ _917252 |
||
| 245 |
_aმედიცინის ისტორია : _b[სახელმძღვ. სამედ. ინ-ტის სტუდენტებისათვის] / _cმიხეილ შენგელია. |
||
| 264 |
_aთბილისი : _bგანათლება, _c1988. |
||
| 300 |
_a171 გვ.; _b21 სმ. |
||
| 541 | _h5 ლ. | ||
| 653 | _aმედიცინის ისტორია | ||
| 942 |
_cBK _2udc |
||